Central Library OPAC University of Rajshahi

Pocket manual of homœpathic materia medica : (Record no. 37424)

MARC details
000 -LEADER
fixed length control field 00941nam a2200253 a 4500
001 - CONTROL NUMBER
control field 37424
003 - CONTROL NUMBER IDENTIFIER
rucl marc code BD-RjUL
005 - DATE AND TIME OF LATEST TRANSACTION
control field 20211209052616.0
008 - FIXED-LENGTH DATA ELEMENTS--GENERAL INFORMATION
fixed length control field 150113r19961993nyu 000 0 eng
035 ## - SYSTEM CONTROL NUMBER
System control number (BD-RjUL)37528
040 ## - CATALOGING SOURCE
Original cataloging agency DLC
Transcribing agency CarP
Modifying agency DLC
-- BD-RjUL
Language of cataloging eng
041 ## - LANGUAGE CODE
Language code of text/sound track or separate title eng
082 ## - DEWEY DECIMAL CLASSIFICATION NUMBER
Edition number 21
Classification number 615.321
Author mark and year BOP 1996
100 1# - MAIN ENTRY--PERSONAL NAME
Personal name Boericke, William,
Dates associated with a name 1849- [from old catalog]
9 (RLIN) 114879
245 00 - TITLE STATEMENT
Title Pocket manual of homœpathic materia medica :
Remainder of title comprising the characteristic and guiding symptoms of all remedies (clinical and pathogenetic) /
Statement of responsibility, etc. William Boericke
250 ## - EDITION STATEMENT
Edition statement 9th ed.
260 ## - PUBLICATION, DISTRIBUTION, ETC. (IMPRINT)
Place of publication, distribution, etc. Delhi : Motilal Banarsidass, ©1993.
Name of publisher, distributor, etc. Motilal Banarsidass,
Date of publication, distribution, etc. 1993 [reprint 1996].
300 ## - PHYSICAL DESCRIPTION
Pagination 1075 p.:
Illustrations ill.
Size 18 cm.
650 #0 - SUBJECT ADDED ENTRY--TOPICAL TERM
Topical term or geographic name as entry element Homeopathy
General subdivision Materia medica and therapeutics.
9 (RLIN) 114880
700 1# - ADDED ENTRY--PERSONAL NAME
Personal name Boericke, Oscar Eugene. [from old catalog]
942 ## - ADDED ENTRY ELEMENTS (KOHA)
Source of classification or shelving scheme Dewey Decimal Classification
Koha item type Books
Holdings
Lost status Source of classification or shelving scheme Damaged status Not for loan Collection code Permanent Location Current Location Shelving location Date acquired Source of acquisition Cost, normal purchase price Total Checkouts Full call number Date last seen Copy number Koha item type
  Dewey Decimal Classification   Not For Loan Non-fiction Institute of Biological Sciences (IBSc) Library Institute of Biological Sciences (IBSc) Library   13/01/2015 Karim International 246.00   615.321 BOP 1996 13/01/2015 C-1 Books